| 000 | 00665cam a2200229 a 4500 | ||
|---|---|---|---|
| 003 | BD-DhSAU | ||
| 005 | 20231109112018.0 | ||
| 008 | 861024s 1998 ii a b 001 0 eng | ||
| 020 | _a9780070605075 | ||
| 040 | _aBD-DhSAU | ||
| 082 |
_222 _a519.201 _bL668 |
||
| 100 | _aLipschutz, Seymour | ||
| 245 | 1 | 0 |
_aTheory and Problems of Introduction to Probability and Statistics / _cSeymour Lipschutz and John J. Schiller |
| 260 |
_aNew Delhi : _bMcGraw-Hill, _cc1998 |
||
| 300 |
_avi, 370p. : _bill. ; _c24cm. |
||
| 504 | _aInclude index | ||
| 590 | _akobir | ||
| 650 | 0 | _aProbabiolity | |
| 650 | 0 | _aStatistics | |
| 700 | _aSchiller, John J. | ||
| 942 |
_2ddc _cBOOK |
||
| 999 |
_c17289 _d17288 |
||